000
00258nam a2200097Ia 4500
005
20250424112834.0
008
250424s9999 xx 000 0 und d
300
_a
92 p. : ill. ; 30-31 cm.
650
_a
Engineering--Research--Nigeria--Periodicals.
942
_c
SR
999
_c
37431
_d
37431